000 00367nam a2200157Ia 4500
008 230524s9999 xx 000 0 und d
082 _a537.4
_bLAL
100 _aJohannes G.Lang
245 4 _aThe Magnetic Field
250 _a2ND
260 _aNEW DELHI
_bWiley Eastern
_c1993
300 _a67
500 _aQuantity Number: 2
650 _aPhysics
942 _cBK
999 _c25649
_d25649